Palesztina-kórus fogadalmi templomi hangversenye

Elmentve itt :
Bibliográfiai részletek
Dokumentumtípus: Cikk
Megjelent: 1930-10-25
Sorozat:Délmagyarország 6 No. 241
Kulcsszavak:Dohnányi Ernő, Zenei élet Szeged 1930, zeneélet
Online Access:http://dmarchiv.bibl.u-szeged.hu/75951
LEADER 00455nab a2200145 i 4500
001 delm75951
005 20180928084403.0
008 180928s1930 hu o 0|| hun d
040 |a SZTE Délmagyarország Archívum  |b hun 
041 |a hun 
245 0 0 |a Palesztina-kórus fogadalmi templomi hangversenye  |h [elektronikus dokumentum] 
260 |c 1930-10-25 
300 |a 7 
490 0 |a Délmagyarország  |v 6 No. 241 
695 |a Dohnányi Ernő, Zenei élet Szeged 1930, zeneélet